000 00721nam a22002417a 4500
003 OSt
005 20220107122848.0
008 190424b xxu||||| |||| 00| 0 eng d
020 _a9780008297046
040 _cIIITMK
082 _a658.421 CHA/C
100 _aChambers, John
_915362
245 _aConnecting the dots:
_bLeadership lessons in a start-up world
260 _aLondon,
_bHarper Collins Publishers,
_c2018
300 _axii, 306p.
650 _aMANAGEMENT
_915363
650 _aLEADERSHIP MANAGEMENT
_915364
650 _aSTART UP INITATIVES
_915365
650 _aTECHNOLOGY MANAGEMENT
_915367
650 _aINFORMATION COMMUNICATION TECHNOLOGY
_915368
700 _aBrady, Diane
_915366
942 _2ddc
_cBK
999 _c6402
_d6402